Nhà thờ công giáo Việt Nam

Bewaard in:
Bibliografische gegevens
Hoofdauteur: Nguyễn, Hồng Dương
Formaat: Boek
Taal:Undetermined
Gepubliceerd in: Thành phố Hồ Chí Minh Khoa học Xã hội 2003
Onderwerpen:
Tags: Voeg label toe
Geen labels, Wees de eerste die dit record labelt!
Thư viện lưu trữ: Trung tâm Học liệu Trường Đại học Cần Thơ
LEADER 00542nam a2200181Ia 4500
001 CTU_92648
008 210402s9999 xx 000 0 und d
082 |a 230 
082 |b D561 
100 |a Nguyễn, Hồng Dương 
245 0 |a Nhà thờ công giáo Việt Nam 
245 0 |c Nguyễn Hồng Dương 
260 |a Thành phố Hồ Chí Minh 
260 |b Khoa học Xã hội 
260 |c 2003 
650 |a Chiristianity 
904 |i Tuyến 
980 |a Trung tâm Học liệu Trường Đại học Cần Thơ